Superhero Silhouettes II Quiz Stats

 Plays Quiz Updated Feb 23, 2014

Support Sporcle.
Go Orange.
Score 0/12 Timer 02:00
1 Play Today
Silhouette # Superhero % Correct
Catwoman
96.5%
Thor
95.6%
Professor X
86.5%
The Flash
86.4%
Mr. Fantastic
67%
Batgirl
56%
Elektra
42.4%
Aquaman
32.4%
Spawn
24.8%
Rogue
22.2%
Steel
18.8%
Supergirl
14.6%

You're not logged in!

Compare scores with friends on all Sporcle quizzes.
OR
Log In
Forgot?

From the Vault

Images for Every Subcategory: Music

by El_Dandy

It's time to face the music.
Remove Ads.
Support Sporcle.
Get the best of Sporcle when you Go Orange. This ad-free experience offers more features, more stats, and more fun while also helping to support Sporcle. Thank you for becoming a member.

Show Comments

Extras

Top Quizzes Today


Score Distribution

Your Account Isn't Verified!

In order to create a playlist on Sporcle, you need to verify the email address you used during registration. Go to your Sporcle Settings to finish the process.

Report this User

Report this user for behavior that violates our Community Guidelines.

Details: